Inculturation and syncretism : (Registro nro. 70689)
[ vista simple ]
| 000 -LÍDER | |
|---|---|
| Campo fijo de descripción fija | 01254nab a2200241 i 4500 |
| 001 - NÚMERO DE CONTROL | |
| Campo de control | 768714001 |
| 003 - IDENTIFICADOR DEL NÚMERO DE CONTROL | |
| Campo de control | CO-MdFUSB |
| 005 - FECHA Y HORA DE LA ULTIMA TRANSACCIÓN | |
| control field | 20240801121835.0 |
| 008 - ELEMENTOS DE LONGITUD FIJA -- INFORMACIÓN GENERAL | |
| Campo fijo de descripción fija -- Información general | 240801t1992 -us||||| |||| 00| 0 eng d |
| 040 ## - FUENTE DE CATALOGACIÓN | |
| Idioma de catalogación | spa |
| Agencia que realiza la transcripción | CO-MdFUSB |
| Agencia que realiza la modificación | CO-MdFUSB |
| 041 ## - CÓDIGO DE IDIOMA | |
| Código de idioma para texto/pista de sonido o título separado | eng |
| 100 ## - ASIENTO PRINCIPAL--NOMBRE PERSONAL | |
| Nombre personal | Schineller, Peter, |
| Término relacionador | autor |
| 245 1# - TÍTULO | |
| Título | Inculturation and syncretism : |
| Subtitulo | what is the real issue? |
| Mención de responsabilidad | / Peter Schineller |
| 520 ## - NOTA DE RESUMEN, ETC. | |
| Nota de sumario, etc. | Muchos teólogos ven el sincretismo de una manera más positiva, a menudo abordándolo desde una perspectiva antropológica más que teológica, como se menciona en este artículo; para ellos es una etapa necesaria en el proceso de inculturación.<br/>Este ensayo se centra en los criterios para distinguir la inculturación adecuada y válida de los intentos de inculturación inadecuados e inválidos. |
| 546 ## - NOTA DE IDIOMA | |
| Nota de idioma | Texto en inglés. |
| 650 #0 - ASIENTO SECUNDARIO DE MATERIA - TERMINO TEMÁTICO | |
| Término temático o nombre geográfico como elemento de entrada | Sincretismo (Religión) |
| 9 (RLIN) | 961 |
| 650 #7 - ASIENTO SECUNDARIO DE MATERIA - TERMINO TEMÁTICO | |
| Término temático o nombre geográfico como elemento de entrada | Antropología cultural y social |
| 9 (RLIN) | 6714 |
| 650 #7 - ASIENTO SECUNDARIO DE MATERIA - TERMINO TEMÁTICO | |
| Término temático o nombre geográfico como elemento de entrada | Iglesia |
| 9 (RLIN) | 655 |
| 650 #0 - ASIENTO SECUNDARIO DE MATERIA - TERMINO TEMÁTICO | |
| Término temático o nombre geográfico como elemento de entrada | Evangelización |
| 9 (RLIN) | 362 |
| 773 0# - ASIENTO DE ITEM FUENTE | |
| Biblionumber | 49483 |
| Itemnumber | 82863 |
| Otro identificador del ítem | R2727 |
| Título | International Bulletinof Missionary Research |
| Número de control del registro | (CO-MdFUSB)768714001 |
| Número Internacional Normalizado para Publicaciones Seriadas (ISSN) | 0272-6122 |
| Parte(s) relacionada(s) / Volumen., número. (mes año), páginas | Volumen 16, (número 2, 1992), páginas: 50 - 53 |
| Enumeración y primera página | página: 50 |
| 942 ## - TIPO DE MATERIAL (KOHA) | |
| Tipo de Item KOHA | Artículos de Revista |
| 945 ## - INFORMACIÓN LOCAL DEL REGISTRO | |
| Catalogador | Catherine Arias Álvarez - Practicante SENA |
No hay ítems disponibles.
